Largest US Private Universities Quiz Stats

 Plays Quiz Updated Jun 6, 2018

Score 0/100 Timer 12:00
9 Plays Today
Rank College/University % Correct
8Harvard University
87.7%
62Yale University
80.2%
1New York University
75.7%
2Brigham Young University
72.6%
35Brigham Young University-Idaho
72.5%
99Princeton University
69.7%
21Stanford University
67.7%
13Columbia University
66.3%
36Columbia College
66.3%
42Columbia College Chicago
66.3%
83Brown University
66.1%
15Cornell University
63.8%
12University of Pennsylvania
62.3%
28Georgetown University
59.6%
3University of Southern California
58.5%
37Duke University
57.1%
27University of Miami
55.7%
6Boston University
55.6%
31Boston College
53.9%
60Massachusetts Institute of Technology
51.2%
19Northwestern University
50.3%
46University of Notre Dame
50.2%
32University of Chicago
46.4%
18Syracuse University
45.6%
10George Washington University
44.4%
39Washington University in St. Louis
44.1%
45Vanderbilt University
41%
48American University
34.3%
40Emory University
31.5%
57Tulane University
29.8%
61Villanova University
29.4%
17Johns Hopkins University
29.4%
34Baylor University
28.9%
24Loyola University Chicago
27.2%
Rank College/University % Correct
9Northeastern University
26.3%
79Texas Christian University
25.8%
16St. John's University
25.2%
100Gonzaga University
25.1%
49Marquette University
24.7%
52Southern Methodist University
24.2%
23Saint Louis University
23.3%
11DePaul University
22.9%
65Tufts University
22.7%
93Pepperdine University
21.8%
55Carnegie Mellon University
19.7%
33Fordham University
19.4%
78University of San Francisco
18.8%
68University of Rochester
18.5%
50University of Denver
17.6%
89University of San Diego
17.6%
14Drexel University
16.4%
69Seton Hall University
15.7%
59Howard University
15.6%
88Saint Joseph's University
15.6%
67Case Western Reserve University
14.3%
4Liberty University
12.9%
54University of Dayton
12.2%
94Seattle University
11.6%
44Hofstra University
11.6%
30Rochester Institute of Technology
11%
97Quinnipiac University
9%
75Loyola Marymount University
8.9%
98University of Hartford
8.3%
77Santa Clara University
8.2%
63Duquesne University
7.9%
41Pace University
6.8%
76Long Island University-C.W. Post
5%
87Long Island University-Brooklyn
5%
Rank College/University % Correct
53University of St. Thomas
4.7%
7Nova Southeastern University
4.3%
66The New School
4.1%
92Mercer University
4%
91Franklin University
3.9%
70Suffolk University
3.8%
58Johnson & Wales University
3.7%
80Fairleigh Dickinson University
3.3%
51Regis University
3.2%
72Savannah College of Art and Design
3.2%
86Adelphi University
3.1%
29Embry Riddle Aeronautical University
3%
96Illinois Institute of Technology
3%
71Wilmington University
2.9%
84Hawaii Pacific University
2.9%
90Roosevelt University
2.6%
73New York Institute of Technology
2.5%
20Webster University
2.4%
5Excelsior College
2.4%
74Mercy College
2.4%
38Saint Leo University
2.3%
81Barry University
2.3%
82Azusa Pacific University
2.2%
26Indiana Wesleyan University
2.1%
25National University
2.1%
43Park University
1.6%
22Touro College
1.6%
64Lindenwood University
1.6%
47Western Governors University
1.3%
56Davenport University
1.3%
95University of La Verne
1.3%
85Bellevue University
1.3%

You're not logged in!

Compare scores with friends on all Sporcle quizzes.
OR
Log In

Sporcle TV

Today on Sporcle TV


Watch our educational content, quiz creation guides, and fun videos on Sporcle TV.

Show Comments

Extras

Top Quizzes Today


Score Distribution

Your Account Isn't Verified!

In order to create a playlist on Sporcle, you need to verify the email address you used during registration. Go to your Sporcle Settings to finish the process.

Report this User

Report this user for behavior that violates our Community Guidelines.

Details: